Riconosci il Pokémon - Quiz n°40 - Statistics

Statistiche generali
  • Questo quiz è stato fatto 16 volte
  • Il punteggio medio è 9 su 10
Statistiche sulle risposte
Indizio Risposta % Corretto
Tipo Ghiaccio / Terra
100%
Abilità Indifferenza; Mantelneve; Grassospesso
100%
Generazione Seconda
100%
Altezza 1,1 m
92%
Sesso 50% ♂, 50% ♀
92%
Peso 55,8 kg
92%
Stadio evoluzione Prima evoluzione
92%
Tasso di cattura 75 (17.5%)
85%
Tasso di allevamento Lento
69%
Pokémon Piloswine
69%
Nessun quiz corrispondente trovato
Distribuzione punteggi
Percentuale di utenti per punteggio
Percentile per numero di risposta
I tuoi punteggi nel tempo
Non hai fatto questo quiz